000 00316nam a2200145Ia 4500
008 180921t xxu||||| |||| 00| 0 eng d
041 _aeng
080 _a681.3
_bIBM
245 _aIBM
300 _a30p., ill., 18 cm
650 _aComputer
942 _cBK
999 _c19297
_d19297
003 LK-CoDNM
040 _aLK-CoDNM
_dLK-CoDNM
_eLK-CoDNM